Statistics for Yu-Gi-Oh! Quiz

Click here to take the quiz!

General Stats

  • This quiz has been taken 1,436 times
    (1,434 since last reset)
  • The average score is 13 of 33

Answer Stats

Hint Answer % Correct
How old is Yugi?15
89%
The Winged Dragon of ___Ra
78%
How old is Seto?18
69%
How many millenium items are there?7
68%
____ the TormentorObelisk
67%
Owner of Duelist KingdomPegasus
64%
Who does Joey duel in Battle City?Marik
63%
Has the millenium rodMarik
63%
____ the Sky DragonSlifer
62%
Who is the winner of Battle City?Yami
62%
What is Seto's company called?Kaiba Corp
59%
Seto Kaiba's brotherMokuba
58%
Has the millenium ringBakura
57%
Youngest CEOSeto Kaiba
47%
Talks about friendship a lot (abridged)Tea
44%
Weakest Duel Monsterkuriboh
40%
Yugi's alter egoYami Yugi
38%
Who has the millenium key?Shadi
37%
Who has the millenium necklace?Ishizu
31%
Seto Kaiba's evil brotherNoah
30%
Marik's alter egoYami Marik
30%
What color hair does Zigfried have?Pink
28%
What is Yugi's grandpa's name?Solomon
26%
Ryou's alter egoYami Bakura
23%
Creator of Yu-Gi-Oh the Abridged seriesLittle Kuriboh
22%
What type of deck does Yugi have?Spellcaster
18%
Seto Kaiba's fatherGozaburo
17%
What job does the Ishtar family have?tombkeeper
17%
Creator of Yu-Gi-Oh!Kazuki Takahashi
13%
What were the millenium items made of?souls
12%
What is Shadi?ghost
11%
How is old is the Pharoah?5017
5%
Has the millenium puzzleYami Atem
3%

Score Distribution

Percentile by Number Answered

Percent of People with Each Score

Your Score History

You have not taken this quiz since the last reset